000 00791cam a22002773a 4500
001 7222
003 PGUSA
005 20140828083142.0
008 050101s2005||||xxu|||||s|||||000 | eng d
040 _aPGUSA
_beng
042 _adc
050 4 _aND
100 1 _aScott, Leader,
_d1837-1902
245 1 0 _aFra Bartolommeo
_h[electronic resource] /
_cLeader Scott
260 _bProject Gutenberg,
_c2005
506 _aPublic domain in the USA.
516 _aElectronic text
653 _aBartolomeo, fra, 1472-1517
653 _aAlbertinelli, Mariotto, 1474-1515
653 _aSarto, Andrea del, 1486-1530
700 1 _aShipp, Horace,
_d1891-1961
700 1 _aKendrick, Flora
830 0 _aProject Gutenberg
_v7222
856 4 0 _uhttp://www.gutenberg.org/ebooks/7222
942 _cEB
999 _c236542
_d236542